Estrategia para la superación de los docentes de educación física en la Universidad de Ciencias Pedagógicas “Rafael María de Mendive” (Record no. 187728)

MARC details
000 -CABECERA
campo de control de longitud fija 01664cab a2200277 ab4500
005 - FECHA Y HORA DE LA ÚLTIMA TRANSACCIÓN
campo de control 20240920064510.0
008 - ELEMENTOS DE LONGITUD FIJA--INFORMACIÓN GENERAL
campo de control de longitud fija 991125c2015 cu qr p o 000 0 spa d
035 ## - NÚMERO DE CONTROL DEL SISTEMA
Número de control de sistema UPN01000215628
040 ## - FUENTE DE LA CATALOGACIÓN
Centro catalogador/agencia de origen MX-MxUPN
Lengua de catalogación spa
Centro/agencia transcriptor MX-MxUPN
Normas de descripción aacr2
049 ## - COLECCIÓN
Colección ART-E
100 1# - ASIENTO PRINCIPAL--NOMBRE PERSONAL
Nombre de persona Vemo Montiller, Orlando Alfredo
100 1# - ASIENTO PRINCIPAL--NOMBRE PERSONAL
Filiación landy@ucp.pr.rimed.cu
245 10 - MENCIÓN DE TÍTULO
Título Estrategia para la superación de los docentes de educación física en la Universidad de Ciencias Pedagógicas “Rafael María de Mendive”
Medio [recurso electrónico en línea]
506 0# - NOTA DE RESTRICCIONES AL ACCESO
Limitaciones de acceso Acceso abierto
520 3# - NOTA DE RESUMEN, ETC.
Sumario, etc. El trabajo pretende resolver la falta de preparación de los docentes de Educación Física en la Universidad Pedagógica, que encuentra sus causas en las insuficiencias en el proceso de estimulación de las habilidades motrices deportivas en los estudiantes con un enfoque integral físico educativo a través del juego, debido a la carencia de acciones de superación en el departamento acorde a las nuevas exigencias en su desempeño profesional. Para este fin se reflejan los fundamentos teóricos que orientan la superación de los docentes en las condiciones actuales, con el fin de promover una cultura general integral. REDU
650 #4 - ASIENTO SECUNDARIO DE MATERIA - TERMINO TEMATICO
Término de materia o nombre geográfico como elemento de entrada Educación física
9 (RLIN) 12884
650 #4 - ASIENTO SECUNDARIO DE MATERIA - TERMINO TEMATICO
Término de materia o nombre geográfico como elemento de entrada Educación permanente
9 (RLIN) 7280
653 0# - TERMINO DE INDIZACION - NO CONTROLADO
Término no controlado Formación integral
653 0# - TERMINO DE INDIZACION - NO CONTROLADO
Término no controlado Formación docente
653 0# - TERMINO DE INDIZACION - NO CONTROLADO
Término no controlado Superación profesional
773 ## - ENLACE AL DOCUMENTO FUENTE/ENTRADA DE REGISTRO ANFITRIÓN
Parte(s) relacionada(s) Vol. 13, no. 51 (2015), p. 1-6
Título Mendive : revista científico pedagógico
Número Internacional Normalizado para Publicaciones Seriadas 1815-7696
856 4# - LOCALIZACIÓN Y ACCESO ELECTRÓNICOS
Identificador Uniforme del Recurso <a href="http://mendive.upr.edu.cu/index.php/MendiveUPR/article/view/760/757">http://mendive.upr.edu.cu/index.php/MendiveUPR/article/view/760/757</a>
902 ## - ELEMENTOS DE DATOS B LOCAL, LDB (RLIN)
Modificó Leonor Sotres/190923
905 ## - TIPO DE MATERIAL
Tipo de material Articulo
942 ## - ELEMENTOS DE PUNTO DE ACCESO ADICIONAL (KOHA)
Tipo de ítem Koha Artículo Electrónico
Holdings
Estado de retiro Estado de pérdida Estado dañado No para préstamo Código de colección Localización permanente Ubicación/localización actual Ubicación en estantería Fecha de adquisición Total de préstamos Fecha visto por última vez Identificador Uniforme del Recurso Precio válido a partir de Tipo de ítem Koha
        Acceso abierto Bib. Gregorio Torres Quintero Bib. Gregorio Torres Quintero En línea 19/09/2023   19/09/2023 http://mendive.upr.edu.cu/index.php/MendiveUPR/article/view/760/757 19/09/2023 Artículo Electrónico